00561 a2200133 4500003000500000005001700005040000900022082001500031100004500046245008800091260002900179300001200208505020700220NUST20221209144221.0 cNust a297.55,BAZ aBaz, Shaykh Abdul Aziz Bin Abdullah Bin  aFatawa Islamiyah Islamic Verdicts (Vol-1) /cShaykh Abdul Aziz Bin Abdullah Bin Baz aLondonbDarussalamc2001 a396 p.: aThe Book of Creed (Page-1), Our Prophet Muhammad (P.B.U.H) (Page-271), Isa peace upon him (Page-302), Sects and Movements (Page-325), The Book of Knowledge (Page-367), The Sunam of Al Fitrah (Page-379).